| 000 | 00558nam a2200193 i 4500 | ||
|---|---|---|---|
| 001 | bg | ||
| 003 | BPK | ||
| 005 | 20190920102845.0 | ||
| 008 | s pl f |000 0 pol | ||
| 040 | _cBPK | ||
| 041 | 0 | _apol | |
| 080 | _a621.317.7 | ||
| 100 | 1 | _aMetal, Artur. | |
| 245 | 1 | 0 |
_aTechnika mierników elektrycznych / _cArtur Metal. |
| 655 | _aPodręczniki szkolne | ||
| 650 | 4 | _aPrzyrządy pomiarowe | |
| 856 |
_uhttp://koha.tu.koszalin.pl/cgi-bin/koha/opac-detail.pl?biblionumber=35542 _yKatalog online BPK |
||
| 942 |
_cKS _2UKD |
||
| 999 |
_c35542 _d35542 |
||